| 000 | 01150nam0a22003011 4500 | ||
|---|---|---|---|
| 001 | v19\rc\2022034 | ||
| 005 | 20251118181436.3 | ||
| 035 | _a(NLR Aleph) 005102263 | ||
| 090 |
_a7405147 _c7405147 |
||
| 100 | _a20251123 rusy50 | ||
| 101 | 0 | _arus | |
| 102 | _aRU | ||
| 105 | _aa z ||||| | ||
| 200 | 1 |
_aЧерепно-мозговые ранения в первом и втором поясах лечебной организации военного времени _fД-р В.А. Гораш |
|
| 210 |
_aПетроград _cГос. тип. _d1916 |
||
| 215 |
_a30 с. _cил. _d26 |
||
| 311 | _aОтт. из журн. "Вестн. Царскосел. р-на" | ||
| 488 | 0 |
_12001#$aВестник Царскосельского района _tВестник Царскосельского района |
|
| 700 | 1 |
_aГораш _bВ.А. _f1879-1942 _gВладимир Антонович |
|
| 801 | 0 |
_aRU _bNLR _gpsbo |
|
| 801 | 0 |
_aRU _bRuMoRGB _2psbo |
|
| 801 | 1 |
_aRU _bProSoft-M _2rusmarc |
|
| 852 |
_aNLR _j37.80.1.215 |
||
| 899 |
_aRuMoRGB _jV 245/213 |
||
| 899 |
_aRuMoRGB _jΔ 67/497 |
||
| 899 | _aБАН | ||
| 942 | _cBOOK | ||
| 980 | _aNB | ||